Statistics for Top Ranked Colleges in Texas

Click here to take the quiz!

General Stats

  • This quiz has been taken 119 times
  • The average score is 8 of 15

Answer Stats

Hint Answer % Correct
#1Rice University
89%
#5Texas A&M University
89%
#2University of Texas- Austin
88%
#12Texas Tech University
85%
#6Baylor University
83%
#11University of Houston
80%
#7Texas Christian University
75%
#4Southern Methodist University
67%
#9University of Dallas
43%
#15University of Texas- Dallas
31%
#3Trinity University
25%
#10Austin College
25%
#8Southwestern University
20%
#13Saint Edward's University
13%
#14Saint Mary's University
9%

Score Distribution

Percentile by Number Answered

Percent of People with Each Score

Your Score History

You have not taken this quiz